000 00703 a2200205 4500
020 _a0072299029
020 _a9780072299021
082 0 4 _a658.1552
090 _c2769
_d2769
100 1 _aHilton, Ronald W.
245 1 0 _aCost management :
_bstrategies for business decisions /
_cRonald W. Hilton.
260 _a[S.l.] :
_bMcGraw-Hill Education,
_c1999.
300 _a962 p. ;
_c27 cm.
500 _aHardcover.
700 1 _aMaher, Michael.
700 1 _aSelto, Frank H.
856 4 0 _3Amazon.com
_uhttp://www.amazon.com/exec/obidos/ASIN/0072299029/chopaconline-20
856 4 0 _3Amazon customer reviews
_uhttp://www.chopac.org/cgi-bin/tools/azrev.pl?q=0072299029
942 _aNBS
_cBK
_k658.155221 HIL
999 _c345260
_d345260